000 00261nam a22001217a 4500
020 _a978-93-8276-56-7
082 _a823
_bSAS/F
100 _aMADAVOOR, SASI
245 _aFRIENDS
260 _aTHRISSUR
_bH&C
650 _aENGLISH SHORT STORY
_zKERALA
942 _cBK
999 _c3594
_d3594